[Event "Kupreichik Memorial Open 2018"]
[Site "Minsk"]
[Date "2018.06.23"]
[Round "10"]
[White "Shevchenko, Kirill"]
[Black "Tsigelnitskiy, Ilusha"]
[Result "1/2-1/2"]
[WhiteElo "2554"]
[BlackElo "2342"]
[Annotator "TA"]
[PlyCount "93"]
[EventDate "2018.06.21"]
[EventCountry "BLR"]
[SourceTitle "playchess.com"]
[Source "ChessBase"]
[SourceQuality "1"]

{[%evp 24,93,57,54,66,50,65,66,57,33,71,60,49,53,79,50,53,52,133,65,75,78,60,24,16,19,18,18,27,30,14,0,43,59,141,153,162,0,0,0,161,73,268,-8,-8,-8,-8,-11,-11,-58,-58,-58,-58,-58,-58,-71,-69,-75,-75,-76,-47,-47,-47,-47,-47,-47,-47,-47,-47,-47,-47,-47]} 1. e4 c5 2. Nf3 e6 3. d4 cxd4 4. Nxd4 a6 5. Bd3 Nf6 6. O-O Qc7 7. Qe2 d6 8. c4 g6 9. Nc3 Bg7 10. Rd1 O-O 11. Nf3 Nbd7 12. Bf4 b6 {B42: Sizilianisch (Paulsen-Variante)} 13. Rac1 {LiveBook: 7 Partien} Bb7 14. Bb1 Ne5 {Weiß steht etwas besser.} 15. Nxe5 dxe5 16. Be3 Nd7 $146 ({Vorgänger:} 16... Rfd8 17. Na4 Rxd1+ 18. Rxd1 Nxe4 19. Bxb6 Nc3 20. Nxc3 Qxb6 {1-0 (46) Luther,T (2552)-Meijers,V (2483) Nuremberg 2009}) 17. f3 Rfd8 18. b4 Rac8 19. Qf2 Bf8 20. a3 Qxc4 {[#]} ({Lieber} 20... a5 $14) 21. Ba2 (21. Bg5 $1 $16 {[%cal Rg5d8]} Qc7 22. Na4) 21... Qc7 $14 22. Bg5 Re8 23. Na4 (23. Nd5 $5 Qb8 24. Nxb6 Nxb6 25. Qxb6 $16) 23... Bc6 24. Rxd7 Qxd7 25. Nxb6 Qb7 {[#] Und ...Tc7 würde nun gewinnen.} 26. Nxc8 Rxc8 27. Qb2 Qb5 28. Be3 a5 ({Besser ist} 28... Bd6 $14) 29. Bc4 $16 Qa4 30. Bb3 Qb5 31. Bc4 Qa4 32. Ba6 (32. Qxe5 $18 {bietet bessere Gewinnchancen.} Bg7 33. Qxa5) 32... Rb8 $2 (32... Rd8 $16 {kämpft weiter.}) 33. Qc3 $2 (33. Qxe5 $18 {jetzt Ld4 und aus.} Rd8 34. Qxa5) 33... axb4 $11 34. Qxc6 Qxc6 35. Rxc6 {axb4 ist eine echte Drohung.} bxa3 36. Bc4 Rb1+ {[%mdl 1024] Schwarz hat Kompensation.} 37. Kf2 Rb2+ 38. Kg3 Rc2 39. Rc8 {Weiss will mit Lh6 Matt setzen.} Kg7 40. Bc5 Bxc5 41. Rxc5 $17 {[%mdl 4096] Endspiel KTL-KT} a2 42. Ra5 {Schwarz steht etwas besser.} Rxc4 43. Rxa2 Kf6 44. h4 h5 45. Ra7 Rc3 46. Rb7 Rd3 47. Ra7 {Precision: Weiß = 45%, Schwarz = 49%.} 1/2-1/2

[Event "Kupreichik Memorial Open 2018"]
[Site "Minsk"]
[Date "2018.06.23"]
[Round "10"]
[White "Meskovs, Nikita"]
[Black "Andreikin, Dmitry"]
[Result "0-1"]
[WhiteElo "2515"]
[BlackElo "2702"]
[Annotator "TA"]
[PlyCount "88"]
[EventDate "2018.06.21"]
[EventCountry "BLR"]
[SourceTitle "playchess.com"]
[Source "ChessBase"]
[SourceQuality "1"]

{[%evp 21,87,54,60,50,47,-25,-27,-20,-20,-36,-31,-24,-18,-38,-32,-46,-18,-43,-21,-45,-37,-39,5,-61,-28,-28,-28,-27,-27,-27,-22,-22,0,-7,0,-7,0,-7,24,0,29,-29,0,0,0,-181,-187,-321,-342,-413,-417,-441,-422,-856,-753,-3122,-3043,-2485,-2343,-29988,-29989,-29993,-1241,-29994,-29995,-29998,-29999,-29999]} 1. d4 d5 2. c4 c6 3. Nf3 Nf6 4. Nc3 a6 5. c5 g6 6. Bf4 Bg7 7. h3 O-O 8. e3 Bf5 {D15: Damengambit (Slawische Verteidigung)} 9. Qb3 (9. Be2 Nbd7 10. Ne5 Ne4 11. Nxe4 Bxe4 12. O-O Nxe5 13. Bxe5 f6 14. Bg3 e5 15. Qd2 Qe7 16. b4 {½-½ (34) Yu,Y (2751)-Artemiev,V (2691) Huaian 2017}) 9... Qc8 10. Be2 Nbd7 11. O-O Ne4 {LiveBook: 15 Partien} 12. Nxe4 Bxe4 13. Bh2 $146 (13. Nd2 $14) ({Vorgänger:} 13. Nd2 Bf5 14. Rac1 Re8 15. e4 Bxe4 16. Nxe4 dxe4 {0-1 (38) Derieux,C (2200)-Prie,E (2465) Paris 1998}) 13... Bxf3 $1 $11 14. Bxf3 e5 15. Rad1 Re8 16. Qc3 h5 17. Rfe1 Re6 18. Qa5 Qe8 19. Kf1 Nf8 20. Qc7 Re7 21. Qb6 Qc8 22. Qb4 (22. e4 $11 dxe4 23. Rxe4) 22... e4 23. Be2 f5 24. Bd6 Rf7 25. h4 Ne6 26. g3 Bf8 27. Be5 Bg7 28. Bd6 Bf8 29. Be5 Be7 30. a4 Bd8 31. a5 (31. Qc3 $142) 31... Bc7 32. Bxc7 Qxc7 33. Qb6 $2 (33. Kg2 $11) 33... Qe7 $1 $19 34. Kg2 (34. f4 {ist wohl besser.}) 34... Raf8 $1 35. Qb3 {[#]} g5 $1 36. Rh1 {[#] Weiss will hxg5 spielen.} f4 $1 {[%cal Rf4g3]} 37. Bxh5 {[#]} (37. gxf4 $142 gxf4 38. Rdg1 fxe3 39. Kf1+ Kh8 40. Qxe3 Rxf2+ 41. Ke1) 37... fxg3 $1 {[%mdl 512]} 38. Bxf7+ (38. fxg3 Rf2+) 38... Qxf7 39. f4 exf3+ {[%cal Be4f3,Bf3f2][%mdl 32]} 40. Kxg3 f2 41. Qd3 Qf3+ 42. Kh2 g4 {[%csl Gg4][%cal Rf3h3,Bg5g4,Bg4g3][%mdl 32] Schwarz setzt Matt.} 43. e4 g3+ 44. Kh3 Nf4# {Precision: Weiß = 30%, Schwarz = 58%.} 0-1

[Event "Kupreichik Memorial Open 2018"]
[Site "Minsk"]
[Date "2018.06.23"]
[Round "10"]
[White "Arzumanian, Georgy"]
[Black "Kovalev, Vladislav"]
[Result "1-0"]
[WhiteElo "2474"]
[BlackElo "2650"]
[Annotator "TA"]
[PlyCount "45"]
[EventDate "2018.06.21"]
[EventCountry "BLR"]
[SourceTitle "playchess.com"]
[Source "ChessBase"]
[SourceQuality "1"]

{[%evp 9,45,-4,22,-15,-13,-15,16,22,34,10,85,75,82,79,233,222,297,290,383,292,491,498,1147,1149,1139,1144,1134,1124,1304,1304,1277,1227,1154,808,933,933,1297,1290]} 1. d4 Nf6 2. Bf4 g6 3. Nc3 d5 4. Qd2 (4. e3 Bg7 5. h4 h5 6. Nf3 Bg4 7. Be2 Bxf3 8. Bxf3 c6 9. Qd2 Nbd7 10. O-O-O b5 11. Kb1 {½-½ (34) Aronian,L (2797)-Vachier Lagrave,M (2793) Caleta 2018}) 4... Bg7 5. f3 O-O (5... c5 $5) 6. Bh6 {A45: Trompowsky Attack} Bxh6 7. Qxh6 {[#]} c5 $1 {[%mdl 512]} 8. e3 {[%cal Be2e3,Be3d4][%mdl 32] The position is equal.} (8. dxc5 Nc6) 8... Nc6 9. O-O-O Qb6 {[#]} (9... Qa5 $11 {remains equal.}) 10. Nge2 $1 $16 cxd4 11. exd4 Be6 $2 {[#]} (11... e5 $16 {was called for.}) 12. h4 $1 $18 {[%cal Bh2h4,Bh4h5][%mdl 32]} Rac8 $146 {[#]} ({Predecessor:} 12... Rfc8 13. g4 {0-1 (28) Ribeiro,J-Campomanes,F Munich 1958}) 13. h5 $1 {[%mdl 512]} Na5 {intending ...Nc4.} (13... Nxh5 14. Nf4) 14. Nf4 {[%cal Rh5g6]} Rxc3 $2 (14... g5 {might work better.}) 15. bxc3 {White is clearly winning.} Rc8 (15... g5 $142 16. Qxg5+ Kh8) 16. hxg6 fxg6 17. Re1 Bf7 18. Rxe7 Qd6 {[#]} 19. Ne6 $1 {[%mdl 512]} Qxe6 (19... Bxe6 20. Qg7#) 20. Rxe6 Bxe6 21. Kd2 Nc6 22. Bd3 Bf7 23. g4 {Precision: White = 83%, Black = 14%.} 1-0

[Event "Kupreichik Memorial Open 2018"]
[Site "Minsk"]
[Date "2018.06.23"]
[Round "10"]
[White "Nigmatov, Ortik"]
[Black "Nomin-Erdene, Davaademberel"]
[Result "1-0"]
[WhiteElo "2461"]
[BlackElo "2312"]
[Annotator "TA"]
[PlyCount "73"]
[EventDate "2018.06.21"]
[EventCountry "BLR"]
[SourceTitle "playchess.com"]
[Source "ChessBase"]
[SourceQuality "1"]

{[%evp 17,73,20,61,4,7,-32,-23,-26,-26,-76,-37,-66,-58,-56,0,0,0,-114,-3,-86,-34,-113,125,109,112,111,97,17,24,0,0,0,100,81,63,93,1368,1372,1227,1129,7204,6199,2768,2603,2139,2072,1402,1330,29998,12836,12836,12835,1489,485,29992,29993,29995,29996]} 1. e4 c6 2. d4 d5 3. e5 Bf5 4. h4 h5 5. Bd3 Bxd3 6. Qxd3 e6 7. Bg5 {B12: Caro-Kann: Advance Variation} Qa5+ (7... Be7 8. Nf3 Nh6 9. Nc3 Nd7 10. Ne2 c5 11. Nf4 cxd4 12. Nxh5 Qa5+ 13. Bd2 Qb6 14. Nxg7+ Kf8 {0-1 (41) Saric,I (2664)-Le,Q (2737) chess.com INT 2018}) 8. Nd2 Qa6 9. c4 Ne7 {LiveBook: 6 Games} 10. Bxe7 $146 (10. Ne2 $14) ({Predecessor:} 10. b3 Nf5 11. Ngf3 Nd7 12. O-O Bb4 13. Rfc1 O-O 14. a3 Bxd2 15. Qxd2 {½-½ (42) Cornette,M (2600)-Feller,S (2574) Brest 2018}) 10... Bxe7 $11 11. Ne2 Nd7 12. b3 O-O-O 13. Qc3 Kb8 14. a4 c5 15. O-O cxd4 (15... dxc4 $1 $15 16. Nxc4 Nb6) 16. Nxd4 Nxe5 {Threatens to win with ...Bf6.} 17. Qg3 (17. Nb5 $11 f6 18. cxd5) 17... f6 (17... Bd6 $1 $17 {[%cal Re5c4] Strongly threatening ...Nxc4.} 18. c5 Bc7) 18. Nb5 (18. Rad1 $11) 18... Rhg8 (18... Bd6 $17) 19. cxd5 ({White must play} 19. Nf3 $1 $15) 19... Rxd5 $2 (19... g5 $1 $17 {keeps the pressure on. aiming for ...gxh4.} 20. hxg5 Rxg5) 20. Nc4 $16 Qc6 21. Rac1 Rc5 22. Rfd1 (22. Rfe1 $16) 22... Ka8 $11 {[%cal Re5c4]} 23. Nxe5 fxe5 24. Rxc5 Qxc5 {[#]} (24... Bxc5 $11 {remains equal.} 25. Qxe5 Bb6) 25. b4 $1 $16 {[%cal Rb4c5][%mdl 512]} Qc2 (25... Qxb4 26. Nc7+) 26. Rd7 $40 {[%mdl 128] Black is in trouble.} Bf6 $2 {[%mdl 8192]} (26... Bd8 $16) 27. Qe3 $1 $18 {[%csl Gb5][%cal Re3a7]} Qxa4 {[#]} 28. Qc5 $1 Qa1+ 29. Kh2 {Threatening mate with Nc7+.} e4 30. g3 Be5 31. Nc7+ Kb8 32. Nxe6 {White wants to mate with Qd5.} Rc8 {[#]} 33. Qd5 (33. Qxc8+ $142 $1 {[%mdl 512]} Kxc8 34. Rd8#) 33... Bxg3+ 34. Kg2 {[%csl Gd7][%cal Rd5b7]} ({Weaker is} 34. Kxg3 Qg1+ 35. Kf4 Qxf2+ 36. Ke5 Qf6+ 37. Kxe4 Qxh4+ 38. Kf5 Qg4+ 39. Ke5 Qg3+ 40. Ke4 Qg2+ 41. Ke5 Qg3+ 42. Kf5 Qg4+ 43. Ke5 Qg3+ $11) 34... Qa6 35. Kxg3 (35. b5 $142 Qb6 36. Kxg3 (36. fxg3 Rc2+ 37. Kh3 Rh2+ 38. Kxh2 Qf2+ 39. Kh3 Qf1+ 40. Kh2 Qe2+ 41. Kh1 Qf1+ 42. Kh2 Qe2+ 43. Kh1 Qf1+ 44. Kh2 $11)) 35... Rc3+ (35... Qd3+ $18 36. Qxd3 exd3 37. Rxd3 g6) 36. Kg2 Rc8 37. Qe5+ {Precision: White = 36%, Black = 30%.} 1-0

[Event "Kupreichik Memorial Open 2018"]
[Site "Minsk"]
[Date "2018.06.23"]
[Round "10"]
[White "Notkin, Maksim"]
[Black "Mamedov, Rauf"]
[Result "0-1"]
[WhiteElo "2449"]
[BlackElo "2708"]
[Annotator "TA"]
[PlyCount "68"]
[EventDate "2018.06.21"]
[EventCountry "BLR"]
[SourceTitle "playchess.com"]
[Source "ChessBase"]
[SourceQuality "1"]

{[%evp 16,68,34,-27,15,4,30,29,52,20,29,0,0,0,0,0,0,-48,-42,-105,-98,-127,-125,-129,-129,-299,-305,-300,-239,-338,-333,-510,-507,-497,-530,-565,-574,-527,-555,-586,-579,-563,-545,-539,-514,-702,-685,-1023,-989,-3078,-2551,-29990,-29991,-29997,-29998]} 1. d4 d6 2. Nf3 Nf6 3. c4 g6 4. Nc3 Bf5 5. Nh4 Bd7 6. g3 Bg7 7. Bg2 Nc6 8. O-O O-O 9. h3 {LiveBook: 5 Games} (9. f4 $14) 9... e5 {E62: King's Indian: Fianchetto: 6...c6 and Panno Variation (6...Nc6) without ...a6} 10. d5 Ne7 11. e4 Ne8 {White has an edge.} (11... h6 12. Kh2 Nh7 13. Be3 g5 14. Nf3 f5 15. exf5 Nxf5 16. Ne4 g4 17. hxg4 Nxe3 18. fxe3 Bxg4 {½-½ (29) Roussel Roozmon,T (2486)-Moiseenko,A (2632) Montreal 2008}) 12. Be3 h6 $146 ({Predecessor:} 12... f5 13. Qd2 f4 14. gxf4 exf4 15. Bxf4 Qc8 16. Bg5 Nf6 17. Qe3 {1-0 (25) Goehler,A (2150)-Roessler,U (2207) Germany 2003}) 13. Qc2 Qc8 14. f4 {[%cal Bf2f4,Bf4f5][%mdl 32]} Bxh3 15. f5 Bg4 16. Nd1 Nf6 {Strongly threatening ...g5.} 17. Qd2 (17. Nc3 $15) 17... g5 $17 ({Inferior is} 17... gxf5 18. Bxh6 Nh5 19. Bxg7 $14) 18. Nf2 gxh4 19. Bxh6 {[#] Threatens to win with Qg5.} Bxf5 $1 20. Bxg7 $2 (20. exf5 $17 Qxf5 21. gxh4) 20... Kxg7 $19 21. exf5 Qxf5 22. Nh3 (22. g4 {was worth a try.} Qg6 23. g5) 22... Qg4 23. Rxf6 (23. gxh4 {was called for.} Qxh4 24. Rac1) 23... Kxf6 24. Qh6+ Ng6 25. Nf2 Qd4 (25... Qxc4 $2 26. Ne4+ Ke7 27. Qg5+ f6 28. Qxg6 $19) 26. Rd1 Rh8 27. Qc1 hxg3 {[%csl Gg3][%cal Rd4f2] [#]} 28. Rxd4 gxf2+ 29. Kxf2 {Hoping for Rg4.} exd4 30. Qd2 Rh4 31. Kg3 Rg8 32. Qa5 Rf4 {( -> ...Ne5+)} 33. Qxc7 Ne5+ 34. Kh2 Nf3+ {Precision: White = 27%, Black = 86%.} 0-1

[Event "Kupreichik Memorial Open 2018"]
[Site "Minsk"]
[Date "2018.06.23"]
[Round "10"]
[White "Badelka, Olga"]
[Black "Rakhmangulova, Anastasiya"]
[Result "1-0"]
[WhiteElo "2407"]
[BlackElo "2244"]
[Annotator "NA"]
[PlyCount "55"]
[EventDate "2018.06.21"]
[EventCountry "BLR"]
[SourceTitle "playchess.com"]
[Source "ChessBase"]
[SourceQuality "1"]
[TimeControl "900+10"]

1. c4 {[%emt 0:00:00]} c5 {[%emt 0:00:02]} 2. Nc3 {[%emt 0:00:00]} Nc6 {[%emt 0:00:01]} 3. g3 {[%emt 0:00:00]} g6 {[%emt 0:00:02]} 4. Bg2 {[%emt 0:00:00]} Bg7 {[%emt 0:00:00]} 5. d3 {[%emt 0:00:00]} Nh6 {[%emt 0:00:13]} 6. e4 {[%emt 0:00:42]} d6 {[%emt 0:00:09]} 7. Nge2 {[%emt 0:00:05]} Ng4 {[%emt 0:00:48]} 8. h3 {[%emt 0:00:19]} Nf6 {[%emt 0:00:29]} 9. O-O {[%emt 0:00:06]} Bd7 {[%emt 0:00:11]} 10. Be3 {[%emt 0:00:10]} Qc8 {[%emt 0:01:07]} 11. g4 {[%emt 0:01:44]} h5 {[%emt 0:01:42]} 12. g5 {[%emt 0:00:21]} Nh7 {[%emt 0:00:03]} 13. Kh2 {[%emt 0:00:23]} Nd4 {[%emt 0:00:56]} 14. f4 {[%emt 0:00:14]} Nxe2 {[%emt 0:03:15]} 15. Qxe2 {[%emt 0:00:08]} Nf8 {[%emt 0:03:44]} 16. Nd5 {[%emt 0:00:45]} e6 {[%emt 0:00:23]} 17. Nf6+ {[%emt 0:00:15]} Bxf6 {[%emt 0:00:17]} 18. gxf6 {[%emt 0:00:01]} e5 {[%emt 0:00:05]} 19. f5 {[%emt 0:01:28]} gxf5 {[%emt 0:01:00]} 20. exf5 {[%emt 0:00:01]} Bc6 {[%emt 0:00:53]} 21. Bxc5 {[%emt 0:04:20]} Bxg2 {[%emt 0:01:01]} 22. Bxd6 {[%emt 0:00:01]} Bxf1 {[%emt 0:00:39]} 23. Qxe5+ {[%emt 0:00:01]} Ne6 {[%emt 0:00:48]} 24. Rxf1 {[%emt 0:00:11]} Rg8 {[%emt 0:01:08]} 25. fxe6 {[%emt 0:00:08]} Qc6 {[%emt 0:00:09]} 26. exf7+ Kxf7 {[%emt 0:00:01]} 27. Qe7+ {[%emt 0:00:34]} Kg6 {[%emt 0:00:20]} 28. Rg1+ {[%emt 0:00:01]} 1-0

[Event "Kupreichik Memorial Open 2018"]
[Site "Minsk"]
[Date "2018.06.23"]
[Round "10"]
[White "Barskij, Vladimir"]
[Black "Laptii, Nazar"]
[Result "1/2-1/2"]
[WhiteElo "2389"]
[BlackElo "1925"]
[Annotator "NA"]
[PlyCount "142"]
[EventDate "2018.06.21"]
[EventCountry "BLR"]
[SourceTitle "playchess.com"]
[Source "ChessBase"]
[SourceQuality "1"]
[TimeControl "900+10"]

1. e4 {[%emt 0:00:00]} d5 {[%emt 0:00:01]} 2. exd5 {[%emt 0:00:00]} Nf6 {[%emt 0:00:01]} 3. d4 {[%emt 0:00:13]} Nxd5 {[%emt 0:00:02]} 4. c4 {[%emt 0:00:06]} Nb6 {[%emt 0:00:01]} 5. Nc3 {[%emt 0:00:10]} e5 {[%emt 0:00:02]} 6. dxe5 {[%emt 0:01:41]} Qxd1+ {[%emt 0:00:04]} 7. Nxd1 {[%emt 0:00:03]} Nc6 {[%emt 0:00:08]} 8. Nf3 {[%emt 0:00:27]} Be6 {[%emt 0:04:58]} 9. Ne3 {[%emt 0:01:17]} O-O-O {[%emt 0:00:37]} 10. Bd2 {[%emt 0:00:20]} Bc5 11. b3 {[%emt 0:01:13]} Rhe8 {[%emt 0:03:28]} 12. O-O-O {[%emt 0:03:30]} Bxe3 {[%emt 0:01:22]} 13. Bxe3 {[%emt 0:01:00]} Rxd1+ 14. Kxd1 {[%emt 0:00:02]} Nd7 {[%emt 0:02:16]} 15. Nd4 {[%emt 0:02:45]} Ndxe5 {[%emt 0:00:19]} 16. Nxe6 {[%emt 0:00:02]} Rxe6 {[%emt 0:00:02]} 17. Be2 {[%emt 0:00:01]} Rd6+ {[%emt 0:00:07]} 18. Kc1 {[%emt 0:01:01]} Nd4 {[%emt 0:00:17]} 19. Bxd4 {[%emt 0:01:12]} Rxd4 {[%emt 0:00:01]} 20. Rd1 {[%emt 0:00:02]} Rxd1+ {[%emt 0:00:06]} 21. Kxd1 {[%emt 0:00:02]} b6 {[%emt 0:00:24]} 22. Kd2 {[%emt 0:00:18]} Kd7 {[%emt 0:00:09]} 23. Ke3 {[%emt 0:00:07]} Kd6 {[%emt 0:00:18]} 24. b4 {[%emt 0:00:17]} Nc6 {[%emt 0:00:13]} 25. a3 {[%emt 0:00:05]} a5 {[%emt 0:00:03]} 26. b5 {[%emt 0:00:17]} Nd8 {[%emt 0:00:23]} 27. Bg4 {[%emt 0:00:19]} Kc5 {[%emt 0:00:13]} 28. Kd3 {[%emt 0:00:02]} f6 {[%emt 0:00:29]} 29. Bf5 {[%emt 0:00:27]} g6 {[%emt 0:01:54]} 30. Bd7 {[%emt 0:00:29]} g5 {[%emt 0:01:01]} 31. g3 {[%emt 0:00:02]} Kd6 {[%emt 0:00:15]} 32. Bf5 {[%emt 0:00:04]} h6 {[%emt 0:00:10]} 33. Kd4 {[%emt 0:00:21]} Nb7 {[%emt 0:00:34]} 34. f4 {[%emt 0:00:08]} Nc5 {[%emt 0:00:06]} 35. h4 {[%emt 0:00:12]} gxf4 {[%emt 0:00:08]} 36. gxf4 {[%emt 0:00:01]} Nb3+ {[%emt 0:00:36]} 37. Ke3 {[%emt 0:01:06]} Kc5 {[%emt 0:00:10]} 38. Be6 {[%emt 0:00:01]} Nd4 {[%emt 0:00:03]} 39. Bd7 {[%emt 0:00:29]} Kxc4 {[%emt 0:00:21]} 40. Ke4 {[%emt 0:00:01]} Kc5 {[%emt 0:00:11]} 41. h5 {[%emt 0:00:09]} Kc4 {[%emt 0:00:07]} 42. Be8 {[%emt 0:00:07]} Kc5 {[%emt 0:00:13]} 43. Bd7 {[%emt 0:00:02]} a4 {[%emt 0:00:05]} 44. Be8 {[%emt 0:00:02]} Nc2 {[%emt 0:00:16]} 45. Kf5 {[%emt 0:00:04]} Nxa3 {[%emt 0:00:09]} 46. Kxf6 {[%emt 0:00:02]} Nc4 {[%emt 0:00:01]} 47. Bg6 {[%emt 0:00:02]} Nd2 {[%emt 0:00:23]} 48. Bf7 {[%emt 0:00:13]} Nc4 {[%emt 0:00:09]} 49. Bg6 {[%emt 0:00:01]} Nd2 {[%emt 0:00:06]} 50. Bf7 {[%emt 0:00:01]} Nc4 {[%emt 0:00:15]} 51. Bg6 {[%emt 0:00:02]} a3 {[%emt 0:00:09]} 52. Bb1 {[%emt 0:00:02]} Kd4 {[%emt 0:00:10]} 53. Kg7 {[%emt 0:00:10]} Nd2 {[%emt 0:00:13]} 54. Ba2 {[%emt 0:00:01]} Ne4 {[%emt 0:00:05]} 55. f5 {[%emt 0:00:05]} Ke5 {[%emt 0:00:04]} 56. Kg6 {[%emt 0:00:08]} Nf6 {[%emt 0:00:09]} 57. Bb1 {[%emt 0:00:07]} Nd5 {[%emt 0:00:08]} 58. Ba2 {[%emt 0:00:14]} Nf4+ {[%emt 0:00:15]} 59. Kxh6 {[%emt 0:00:02]} Kxf5 {[%emt 0:00:07]} 60. Bb1+ {[%emt 0:00:02]} Kf6 {[%emt 0:00:01]} 61. Ba2 {[%emt 0:00:07]} Kf5 {[%emt 0:00:27]} 62. Bb1+ {[%emt 0:00:01]} Kf6 63. Ba2 Kf5 {[%emt 0:00:23]} 64. Bb1+ {[%emt 0:00:02]} Kf6 {[%emt 0:00:00]} 65. Ba2 {[%emt 0:00:00]} Ne2 {[%emt 0:00:13]} 66. Kh7 {[%emt 0:00:03]} Nc3 67. Bb3 {[%emt 0:00:15]} a2 {[%emt 0:00:14]} 68. Bxa2 {[%emt 0:00:02]} Nxa2 {[%emt 0:00:01]} 69. h6 {[%emt 0:00:02]} Kf7 {[%emt 0:00:27]} 70. Kh8 {[%emt 0:00:02]} Kf8 {[%emt 0:00:12]} 71. h7 {[%emt 0:00:01]} Kf7 {[%emt 0:00:01]} 1/2-1/2

[Event "Kupreichik Memorial Open 2018"]
[Site "Minsk"]
[Date "2018.06.23"]
[Round "10"]
[White "Sihite, Chelsie Monica Igne"]
[Black "Bernotas, Arturs"]
[Result "1/2-1/2"]
[WhiteElo "2236"]
[BlackElo "2407"]
[Annotator "NA"]
[PlyCount "95"]
[EventDate "2018.06.21"]
[EventCountry "BLR"]
[SourceTitle "playchess.com"]
[Source "ChessBase"]
[SourceQuality "1"]
[TimeControl "900+10"]

1. e4 {[%emt 0:00:00]} d5 {[%emt 0:00:04]} 2. exd5 {[%emt 0:00:03]} Nf6 {[%emt 0:00:03]} 3. Nf3 {[%emt 0:00:02]} Nxd5 {[%emt 0:00:05]} 4. Be2 {[%emt 0:00:03]} g6 {[%emt 0:00:04]} 5. O-O {[%emt 0:00:06]} Bg7 {[%emt 0:00:03]} 6. d4 {[%emt 0:00:02]} O-O {[%emt 0:00:04]} 7. h3 {[%emt 0:00:03]} c5 {[%emt 0:01:21]} 8. c3 {[%emt 0:02:08]} cxd4 {[%emt 0:00:24]} 9. Nxd4 {[%emt 0:00:03]} e5 {[%emt 0:00:18]} 10. Nc2 {[%emt 0:00:21]} Nc6 {[%emt 0:00:09]} 11. Bf3 {[%emt 0:02:35]} Be6 {[%emt 0:00:46]} 12. Qe2 {[%emt 0:01:09]} Qh4 {[%emt 0:01:08]} 13. Bxd5 {[%emt 0:00:32]} Bxd5 {[%emt 0:00:04]} 14. Ne3 {[%emt 0:00:01]} Be6 {[%emt 0:00:13]} 15. Nd2 {[%emt 0:00:12]} f5 {[%emt 0:00:12]} 16. Nf3 {[%emt 0:00:36]} Qh5 {[%emt 0:00:21]} 17. Re1 {[%emt 0:00:40]} e4 {[%emt 0:00:21]} 18. Nd2 {[%emt 0:01:00]} Qh4 {[%emt 0:00:18]} 19. Nef1 {[%emt 0:00:08]} Ne5 {[%emt 0:00:15]} 20. Nh2 {[%emt 0:00:50]} Nd3 {[%emt 0:00:23]} 21. Ndf3 {[%emt 0:00:37]} Qh5 {[%emt 0:02:17]} 22. Nd4 {[%emt 0:02:47]} Bxd4 {[%emt 0:00:25]} 23. cxd4 {[%emt 0:00:03]} Nxe1 {[%emt 0:00:24]} 24. Qxe1 {[%emt 0:00:01]} f4 {[%emt 0:01:34]} 25. d5 {[%emt 0:01:07]} Bxd5 {[%emt 0:00:48]} 26. b3 {[%emt 0:00:01]} Rac8 {[%emt 0:01:30]} 27. Ba3 {[%emt 0:00:05]} Rf7 {[%emt 0:00:19]} 28. Rc1 {[%emt 0:00:01]} Rxc1 {[%emt 0:01:30]} 29. Qxc1 {[%emt 0:00:06]} Bc6 {[%emt 0:00:04]} 30. Ng4 {[%emt 0:00:57]} e3 {[%emt 0:01:06]} 31. fxe3 {[%emt 0:00:21]} Qd5 {[%emt 0:00:07]} 32. Qb2 {[%emt 0:00:13]} h5 {[%emt 0:02:56]} 33. Nh6+ {[%emt 0:00:07]} Kh7 {[%emt 0:00:02]} 34. Nxf7 {[%emt 0:00:03]} Qxf7 {[%emt 0:00:02]} 35. exf4 {[%emt 0:00:35]} Qxf4 {[%emt 0:00:03]} 36. Qf2 {[%emt 0:00:49]} Qxf2+ {[%emt 0:00:18]} 37. Kxf2 {[%emt 0:00:02]} g5 {[%emt 0:00:04]} 38. g3 {[%emt 0:00:07]} Kg6 {[%emt 0:00:06]} 39. h4 {[%emt 0:00:06]} Be4 {[%emt 0:00:02]} 40. Be7 {[%emt 0:00:05]} gxh4 {[%emt 0:00:17]} 41. gxh4 {[%emt 0:00:02]} Kf5 {[%emt 0:00:02]} 42. Ke3 {[%emt 0:00:05]} Bb1 {[%emt 0:00:09]} 43. a3 {[%emt 0:00:05]} Ke5 {[%emt 0:00:13]} 44. b4 {[%emt 0:00:10]} Kd5 {[%emt 0:00:05]} 45. a4 {[%emt 0:00:10]} b6 {[%emt 0:01:00]} 46. a5 {[%emt 0:00:02]} Ke6 {[%emt 0:00:07]} 47. axb6 {[%emt 0:00:12]} axb6 {[%emt 0:00:05]} 48. Bd8 {[%emt 0:00:02]} 1/2-1/2

[Event "Kupreichik Memorial Open 2018"]
[Site "Minsk"]
[Date "2018.06.23"]
[Round "10"]
[White "Osmolny, Vladimir I"]
[Black "Vashchilov, Sergey"]
[Result "0-1"]
[WhiteElo "2211"]
[BlackElo "2087"]
[Annotator "NA"]
[PlyCount "76"]
[EventDate "2018.06.21"]
[EventCountry "BLR"]
[SourceTitle "playchess.com"]
[Source "ChessBase"]
[SourceQuality "1"]
[TimeControl "900+10"]

1. c4 {[%emt 0:00:00]} c5 {[%emt 0:00:02]} 2. Nf3 {[%emt 0:00:02]} Nc6 {[%emt 0:00:02]} 3. Nc3 {[%emt 0:00:07]} g6 {[%emt 0:00:24]} 4. e3 {[%emt 0:00:31]} Nf6 {[%emt 0:00:10]} 5. d4 {[%emt 0:00:02]} cxd4 {[%emt 0:00:14]} 6. exd4 {[%emt 0:00:02]} d5 {[%emt 0:00:03]} 7. cxd5 {[%emt 0:00:06]} Nxd5 {[%emt 0:00:01]} 8. Qb3 {[%emt 0:00:37]} Nxc3 {[%emt 0:00:53]} 9. Bc4 {[%emt 0:00:22]} Nd5 {[%emt 0:02:22]} 10. Bxd5 {[%emt 0:00:02]} e6 {[%emt 0:00:01]} 11. Bxc6+ bxc6 {[%emt 0:00:01]} 12. O-O {[%emt 0:00:24]} Bg7 {[%emt 0:00:21]} 13. Be3 {[%emt 0:02:09]} O-O {[%emt 0:01:58]} 14. Rfc1 {[%emt 0:00:15]} Qd6 {[%emt 0:00:49]} 15. Rc5 {[%emt 0:00:27]} Bd7 {[%emt 0:00:49]} 16. Rac1 {[%emt 0:00:24]} Rfb8 {[%emt 0:00:28]} 17. Qc2 {[%emt 0:00:06]} Rb5 {[%emt 0:02:48]} 18. Rc4 {[%emt 0:02:03]} a5 {[%emt 0:01:00]} 19. b3 {[%emt 0:00:45]} Be8 {[%emt 0:01:16]} 20. g3 {[%emt 0:02:36]} Rd8 {[%emt 0:01:14]} 21. Bf4 {[%emt 0:02:53]} Qd5 {[%emt 0:00:03]} 22. Qe2 {[%emt 0:00:02]} h6 {[%emt 0:00:20]} 23. h4 {[%emt 0:00:10]} Qh5 {[%emt 0:00:06]} 24. Qe3 {[%emt 0:00:18]} Rbd5 {[%emt 0:00:11]} 25. Kg2 {[%emt 0:00:22]} Kh7 {[%emt 0:00:22]} 26. Kh3 {[%emt 0:00:02]} g5 {[%emt 0:00:12]} 27. Bxg5 {[%emt 0:02:18]} hxg5 {[%emt 0:00:05]} 28. g4 {[%emt 0:00:24]} Qh6 {[%emt 0:00:50]} 29. Nxg5+ {[%emt 0:01:36]} Kg8 {[%emt 0:00:01]} 30. f4 {[%emt 0:00:38]} Bxd4 {[%emt 0:00:06]} 31. Qe4 {[%emt 0:00:08]} Bf6 {[%emt 0:00:09]} 32. Nf3 {[%emt 0:00:03]} Bxh4 {[%emt 0:00:16]} 33. Kg2 {[%emt 0:00:13]} f5 {[%emt 0:00:23]} 34. gxf5 {[%emt 0:00:08]} exf5 {[%emt 0:00:01]} 35. Qe2 {[%emt 0:00:08]} Bh5 {[%emt 0:01:16]} 36. Rxc6 {[%emt 0:00:15]} Qxf4 {[%emt 0:00:15]} 37. Qe6+ {[%emt 0:00:05]} Bf7 {[%emt 0:00:01]} 38. Rg1 {[%emt 0:00:26]} Bxe6 {[%emt 0:00:11]} 0-1